• 首页
  • 本馆介绍
  • 公告通知
  • 最新文献
  • 馆藏检索
  • 电子资源
  • 读者导购
  • 参考咨询
  • 我的图书馆
  • 登录
  • 详细信息显示
  • 放入我的书架
  • 预约/预借图书
  • 作者相关作品
  • 分类相关作品
  • 丛书相关作品
  • 出版社相关作品

书目信息

  • 表格格式
  • 工作单格式
  • 卡片格式
题名:
甲状腺=Thyroid Gland
    
 
作者: 马尔蒂尔
分册: 影印本英文版  
出版信息: 北京   科学出版社  2008
页数: 491
开本: 23cm
丛书名:
单 册:
中图分类: R58
科图分类:
主题词: 内分泌病 , 代谢病
电子资源:
ISBN: 7-03-020936-8
000 00610nam0 2200193 450
001 1735846483
005 20170410095726.48
010    @a7-03-020936-8@b精装@d¥118.00
100    @a20170410d km y0chiy0120 ea
101 0  @achi
200 1  @a甲状腺=Thyroid Gland@Ajia zhuang xian=Thyroid Gland@h影印本英文版@f马尔蒂尔(Martini,L.)@Fma er di er(Martini,L.)
210    @a北京@c科学出版社@d2008
215    @a491@d23cm
606 0  @a内分泌病
606 0  @a代谢病
690    @aR58@v4
701  0 @a马尔蒂尔@Ama er di er@bMartini,L.
801  0 @aCN@b大连网信软件有限公司图书馆·11@c20170410
905    @b6604512@dR58@en3@f1
    
    甲状腺=Thyroid Gland.影印本英文版/马尔蒂尔(Martini,L.).-北京:科学出版社,2008
    491;23cm
    
    
    ISBN 7-03-020936-8(精装):¥118.00
    
●
相关链接 在E读中查询图书 在五车中查询图书 在当当中查询图书 在豆瓣中查询图书


正题名:甲状腺=Thyroid Gland     索取号:R58/n3         预约/预借

序号 登录号 条形码 馆藏地/架位号 状态 备注
1 6604512   266045120   密集书库-生命科学系/ [索取号:R58/n3] 在馆    
唐山师范学院图书馆 欢迎您!
大连网信软件有限公司© 版权所有